00617nam a2200193Ia 4500003000900000008004100009040001300050040001300063041000800076100002100084245004100105250001200146260000900158260000900167300001200176490002200188490000700210600020600217IT-RoPAU120407s9999 xx 000 0 und d aIT-RoPAU cIT-RoPAU aita aNicola Abbagnano aStoria della filosofia 2 ed. rielab. aTorino  aUtet c1969 c26.5 cm aFilosofia. Storia v11 a"1. Filosofia antica, patristica, scolastica. 2. Filosofia del Rinascimento e moderna dei secoli XVII e XVIII. 3. Filosofia del Romanticismo e tra il secolo XIX e il XX. 4. La filosofia contemporanea."